| 000 | 00758nam a2200205 4500 | ||
|---|---|---|---|
| 005 | 20250921062524.0 | ||
| 999 |
_c17519 _d17519 |
||
| 008 | 221103b ||||| |||| 00| 0 eng d | ||
| 020 | _a9781984659521 | ||
| 082 |
_22022 _aDC 647.940688 _bT413 |
||
| 245 |
_aMacro perspective of tourism and hospitality / _cAuthored and edited by 3G E-Learning. |
||
| 250 | _a2nd edition. | ||
| 260 |
_aNew York : _b3G E-Learning, _c©2022. |
||
| 300 |
_axii, 488 pages : _bcolor illustrations ; _c25 cm, _e1 compact disc. |
||
| 500 | _aIncludes bibliographical references and index. | ||
| 650 |
_aHospitality industry _xMarketing. _946594 |
||
| 650 |
_aTourist trade _xMarketing. _93050 |
||
| 650 |
_aTourism _xMarketing. _946595 |
||
| 710 |
_a3G E-Learning. _933636 |
||
| 942 |
_2ddc _cDC |
||